| 000 | 00845nam a22002777a 4500 | ||
|---|---|---|---|
| 001 | 3607148 | ||
| 003 | OSt | ||
| 005 | 20210419081557.0 | ||
| 008 | 731018s1973 ctua 000 0 eng | ||
| 010 | _a 72092720 | ||
| 020 | _a0837817609 | ||
| 040 |
_aDLC _cDLC _dDLC _beng |
||
| 041 | _aeng | ||
| 050 | 0 | 0 |
_aPN6081 _b.M498 |
| 080 |
_a821.111 _bM-70 |
||
| 082 | 0 | 0 | _a808/.88/2 |
| 100 | 1 |
_aMiller, Ernest R., _ecomp. |
|
| 245 | 1 | 0 |
_aHarvest of gold, _cby Ernest R. Miller. Illustrated by Dorothy Peebles. _b/ by: C. R. Gibson Co. |
| 260 |
_aNorwalk, Conn. _bC. R. Gibson Co. _c1973 |
||
| 300 |
_a89 p. _bill. _c21 cm. |
||
| 650 | 0 | _aQuotations, English. | |
| 650 | 0 |
_aEnglish literature _9247 |
|
| 653 | _aინგლისური ლიტერატურა | ||
| 906 |
_a7 _bcbc _corignew _d2 _eopcn _f19 _gy-gencatlg |
||
| 942 |
_2udc _cBK |
||
| 999 |
_c1858 _d1858 |
||